Represtation of Subaltern in Ramayana and Mahabharata / (Record no. 172256)

MARC details
000 -LEADER
fixed length control field 00606nam a22001937a 4500
005 - DATE AND TIME OF LATEST TRANSACTION
control field 20200130143419.0
010 ## - LCCN (DPL NO)
LC control number ENG-127576
020 ## - INTERNATIONAL STANDARD BOOK NUMBER
International Standard Book Number 9789388927451
Terms of availability 250.00
035 ## - SYSTEM CONTROL NUMBER
System control number EN-111108
037 ## - SOURCE OF ACQUISITION
Source of stock number/acquisition DBAD/PUB
082 ## - DEWEY DECIMAL CLASSIFICATION NUMBER
Classification number 820.4
100 ## - MAIN ENTRY--PERSONAL NAME
Personal name Sarvaiya, Priyaba
245 ## - TITLE STATEMENT
Title Represtation of Subaltern in Ramayana and Mahabharata /
Statement of responsibility, etc by Priyaba Saraiya
260 ## - PUBLICATION, DISTRIBUTION, ETC. (IMPRINT)
Place of publication, distribution, etc Ahmedabad
Name of publisher, distributor, etc Vedant Publication
Date of publication, distribution, etc 2019
270 ## - ADDRESS
City Ahmedabad
Address Rajkot, Ahmedabad, Surat
Postal code 360001
300 ## - PHYSICAL DESCRIPTION
Extent 160p.
Other physical details 20cm(pbk)
500 ## - GENERAL NOTE
General note include bibliographical references
942 ## - ADDED ENTRY ELEMENTS (KOHA)
Source of classification or shelving scheme Dewey Decimal Classification
Item type English Books
Classification part 820.4
Call number suffix SAR
Holdings
Withdrawn status Lost status Not for loan Collection code Home library Current library Date acquired Source of acquisition Cost, normal purchase price Full call number Barcode Copy number Cost, replacement price Koha item type
      Non-fiction Sarojini Nagar Sarojini Nagar 30/01/2020 DBAD/PUB 250.00 820.4 SAR EN-111108 1 250.00 English Books

© Delhi Public Library
Hit Counter
free hit counter